1815 1218 1575 1800 1556 1230 1199 1195 1908 1015 1236 1041 1139 1946 1896 1697 1455 1892 1999 1607 1001 1610 1970 1469 1088 1033 1996 1241 1769 1684 1650 1375 1296 1134 1958 1849 1579 1158 1264 1425 1111 1678 1532 1241 1105 1966 1307 1860 1607 1898 1736 1522 1205 1864 1308 1823 1747 1526 1419 1581 1694 1279 1887 1604 1133 1057 1248 1184 1261 1924 1337 1989 1246 1363 1282 1190 1491 1976 1609 1872 1081 1611 1509 1784 1844 1339 1452 1264 1843 1363 1572 1100 1023 1440 1656 1374 1240 1067 1781 BCNSPRNW ULIB Ver.6.0+V

เปลี่ยนเป็นภาษาไทย

Change to English
 แสดงรายละเอียดบรรณานุกรม
  กลับหน้าหลัก

Brief Record : Get Marc (ISO 2709) : E-mail record : QR code < ปิดหน้าต่าง
LEADER : 00000nam 2200000uu 4500
001    13399122418
003     ULIB
008    110627s2552||||th 000 0 tha d
020    9786115210060
090    นว.^bอ886ภ
100 0  H2O
245 00 ภารกิจรัก...พิทักษ์ใจ/^cH2O
250    พิมพ์ครั้งที่ 1
260    กรุงเทพฯ :^bมธุรดา,^c2552
300    253 หน้า
710 1  มธุรดา
945    ^p179^l0^i026019
995    ทศพร
999 ^a ใช้งานได้ทุกระบบ
รายการนี้ยังไม่มีแท็ก
คุณยังไม่ได้ล็อกอิน คุณสามารถมีกิจกรรมร่วมกับเว็บไซต์ได้ แต่ต้องล็อกอินก่อน ::
  ล็อกอิน

รายการสื่อสารสนเทศ

ลำดับที่ ประเภท เลขเรียก/บาร์โค้ด สถานที่ สถานะ
1. นวนิยาย
นวนิยาย
นว. อ886ภ ฉ.1 
  Barcode: 026019
ห้องสมุดวิทยาเขตสวรรค์ประชารักษ์
►นวนิยาย
บนชั้น
  ขอยืม

BibComment


ยังไม่เคยถูกคอมเมนท์

คอมเมนท์ทรัพยากรรายการนี้
  คอมเมนท์: ภารกิจรักพิทักษ์ใ..


 Copyright 2026. Bcnsprnw @Library